| 000 | 00711cam a2200253 4500 | ||
|---|---|---|---|
| 001 | J1200 | ||
| 008 | 090401t1992 xxu||||| |||| 00| 0 eng d | ||
| 035 | _a(Sirsi) u42301 | ||
| 041 | _aeng | ||
| 050 | _a614.8 | ||
| 100 | _aShepherd, T.A. | ||
| 245 | _aSpillage of flue gases from open-flued combustion appliances. | ||
| 260 |
_aGarston, Watford _bBuilding Research Establishment _c1992 |
||
| 300 | _a(4)p. ; 30cm. | ||
| 350 | _a0 | ||
| 490 |
_aBRE Information Paper _v21/92 |
||
| 650 | _aEXTRACTOR FAN | ||
| 650 | _aGAS HEATERS | ||
| 650 | _aGAS-FIRED BOILERS | ||
| 690 | _aBUILT ENVIRONMENT-BUILDING STANDARDS | ||
| 710 | _aBuilding Research Establishment | ||
| 942 | _n0 | ||
| 948 | _c04/03/1997 | ||
| 999 |
_c91064 _d91064 |
||